Bài giảng Phân tích chương trình sinh học phổ thông
Bài giảng gồm nội dung dạy sinh học ở Trường Trung học phổ thông, đối tượng, nhiệm vụ, nội dung chương trình và phân tích cấu trúc nội dung sinh học lớp 10. Bài giảng sau cùng đề cập một số vấn đề lưu ý về nội dung chương trình và sá...
Bewaard in:
| Hoofdauteur: | |
|---|---|
| Formaat: | Boek |
| Taal: | Undetermined |
| Gepubliceerd in: |
Cần Thơ
Trường Đại học Cần Thơ
2000
|
| Onderwerpen: | |
| Tags: |
Voeg label toe
Geen labels, Wees de eerste die dit record labelt!
|
| Thư viện lưu trữ: | Trung tâm Học liệu Trường Đại học Cần Thơ |
|---|
| LEADER | 01052nam a2200205Ia 4500 | ||
|---|---|---|---|
| 001 | CTU_40244 | ||
| 008 | 210402s9999 xx 000 0 und d | ||
| 082 | |a 570.7 | ||
| 082 | |b Kh507 | ||
| 100 | |a Phan, Thị Mai Khuê | ||
| 245 | 0 | |a Bài giảng Phân tích chương trình sinh học phổ thông | |
| 245 | 0 | |c Phan Thị Mai Khuê (Biên soạn) | |
| 260 | |a Cần Thơ | ||
| 260 | |b Trường Đại học Cần Thơ | ||
| 260 | |c 2000 | ||
| 520 | |a Bài giảng gồm nội dung dạy sinh học ở Trường Trung học phổ thông, đối tượng, nhiệm vụ, nội dung chương trình và phân tích cấu trúc nội dung sinh học lớp 10. Bài giảng sau cùng đề cập một số vấn đề lưu ý về nội dung chương trình và sách giáo khoa sinh học lớp 10. | ||
| 650 | |a Biological science,Biological science | ||
| 650 | |x Study and teaching | ||
| 904 | |i Minh | ||
| 980 | |a Trung tâm Học liệu Trường Đại học Cần Thơ | ||